| 000 | 00976 am a2200265ua 4500 | ||
|---|---|---|---|
| 001 | 008143246 | ||
| 003 | OSt | ||
| 005 | 20251103112758.0 | ||
| 008 | 021031s1994 enka || 001 ||eng | ||
| 020 |
_a9781863781312 (Paperback) _cUSD 8.00 |
||
| 040 |
_aUk _cUk _beng _dNUST _erda |
||
| 050 | _aRD97 KEN | ||
| 100 | 1 |
_aKennedy, David _eAuthor |
|
| 245 | 1 | 4 |
_aThe children's sports injuries handbook : _ba practical guide for parents and coaches / _cDavid Kennedy and Peter Fitzgerald. |
| 260 |
_aSydney : _bBay Books, _c©1994. |
||
| 300 |
_a128 pages : _bIllustrations ; _c25 cm. |
||
| 336 |
_atext _2rdacontent _btxt |
||
| 337 |
_aunmediated _2rdamedia _bn |
||
| 338 |
_avolume _2rdacarrier _bnc |
||
| 504 | _aIncludes index. | ||
| 650 | 0 |
_aSports injuries in children _vHandbooks, manuals, etc. |
|
| 650 | 0 |
_aSports injuries in children _xTreatment _vHandbooks, manuals, etc. |
|
| 700 | 1 |
_aFitzgerald, Peter _eAuthor |
|
| 942 |
_2lcc _cBOOKS _hRD97 KEN _kRD _mKEN _n0 |
||
| 999 |
_c172495 _d172495 |
||